<?xml version="1.0" encoding="UTF-8"?>
<collection xmlns="http://www.loc.gov/MARC21/slim">
<record>
  <controlfield tag="001">133805</controlfield>
  <controlfield tag="005">20240424142041.0</controlfield>
  <datafield tag="037" ind1=" " ind2=" ">
    <subfield code="a">TAZ-TFM-2023-1042</subfield>
  </datafield>
  <datafield tag="041" ind1=" " ind2=" ">
    <subfield code="a">spa</subfield>
  </datafield>
  <datafield tag="100" ind1="1" ind2=" ">
    <subfield code="a">Fernández Pascual, Héctor</subfield>
  </datafield>
  <datafield tag="242" ind1="0" ind2="0">
    <subfield code="a">Roman diplomacy in the second half of the 4th century in the Res Gestae of Ammianus Marcellinus</subfield>
  </datafield>
  <datafield tag="245" ind1="0" ind2="0">
    <subfield code="a">La diplomacia romana de la segunda mitad del siglo IV en las Res Gestae de Amiano Marcelino</subfield>
  </datafield>
  <datafield tag="260" ind1=" " ind2=" ">
    <subfield code="a">Zaragoza</subfield>
    <subfield code="b">Universidad de Zaragoza</subfield>
    <subfield code="c">2023</subfield>
  </datafield>
  <datafield tag="506" ind1=" " ind2=" ">
    <subfield code="a">by-nc-sa</subfield>
    <subfield code="b">Creative Commons</subfield>
    <subfield code="c">3.0</subfield>
    <subfield code="u">http://creativecommons.org/licenses/by-nc-sa/3.0/</subfield>
  </datafield>
  <datafield tag="520" ind1=" " ind2=" ">
    <subfield code="a">La diplomacia tuvo una importante presencia durante el desarrollo político y militar del Imperio romano en la segunda mitad del siglo IV, el periodo que conservamos de la obra de Amiano Marcelino y que él vivió más de cerca. Uno de los usos de la diplomacia romana fue para poner fin a las guerras con enemigos externos, ya fuera forzando una rendición o mediante un tratado de paz negociado. Ésta era flexible y heterogénea, aplicando unas medidas u otras según la situación, siempre buscando el máximo beneficio para Roma. Además, se sirvió de una serie de herramientas para cumplir sus propósitos, desde el empleo de rehenes hasta la creación de vínculos clientelares con reyes vecinos. No obstante, su relación con el contexto militar hacía que en ocasiones tuvieran que aceptarse tratados perjudiciales para Roma, que se intentaban reconfigurar en el futuro mediante nuevas acciones militares o diplomáticas.&lt;br />&lt;br /></subfield>
  </datafield>
  <datafield tag="521" ind1=" " ind2=" ">
    <subfield code="a">Máster Universitario en Mundo Antiguo y Patrimonio Arqueológico</subfield>
  </datafield>
  <datafield tag="540" ind1=" " ind2=" ">
    <subfield code="a">Derechos regulados por licencia Creative Commons</subfield>
  </datafield>
  <datafield tag="700" ind1=" " ind2=" ">
    <subfield code="a">Escribano Paño, María Victoria</subfield>
    <subfield code="e">dir.</subfield>
  </datafield>
  <datafield tag="710" ind1="2" ind2=" ">
    <subfield code="a">Universidad de Zaragoza</subfield>
    <subfield code="b">Ciencias de la Antigüedad</subfield>
    <subfield code="c">Historia Antigua</subfield>
  </datafield>
  <datafield tag="856" ind1="0" ind2=" ">
    <subfield code="f">891033@unizar.es</subfield>
  </datafield>
  <datafield tag="856" ind1="4" ind2=" ">
    <subfield code="s">1516832</subfield>
    <subfield code="u">http://zaguan.unizar.es/record/133805/files/TAZ-TFM-2023-1042.pdf</subfield>
    <subfield code="y">Memoria (spa)</subfield>
  </datafield>
  <datafield tag="909" ind1="C" ind2="O">
    <subfield code="o">oai:zaguan.unizar.es:133805</subfield>
    <subfield code="p">driver</subfield>
    <subfield code="p">trabajos-fin-master</subfield>
  </datafield>
  <datafield tag="950" ind1=" " ind2=" ">
    <subfield code="a"></subfield>
  </datafield>
  <datafield tag="980" ind1=" " ind2=" ">
    <subfield code="a">TAZ</subfield>
    <subfield code="b">TFM</subfield>
    <subfield code="c">FFYL</subfield>
  </datafield>
  <datafield tag="999" ind1=" " ind2=" ">
    <subfield code="a">20230902194846.CREATION_DATE</subfield>
  </datafield>
  <datafield tag="951" ind1=" " ind2=" ">
    <subfield code="a">deposita:2024-04-24</subfield>
  </datafield>
</record>
</collection>